| 000 | 00745nam a22002777i 4500 | ||
|---|---|---|---|
| 001 | IT\ICCU\SBL\0108019 | ||
| 003 | ItRI | ||
| 005 | 20260306175338.0 | ||
| 008 | 910930s1969 it |||||| ||||| |||||c | ||
| 015 |
_2IT _a692492 |
||
| 040 |
_bita _cNP |
||
| 041 | 7 |
_aita _2ISO-639-2 |
|
| 082 |
_a853.91 _216 |
||
| 082 |
_a853.91 _217 |
||
| 100 | 1 |
_aSilone, Ignazio _0IT\ICCU\CFIV\028803 _4aut |
|
| 240 | 1 | 3 |
_aIl segreto di Luca _9Silone, Ignazio |
| 245 | 1 | 3 |
_aIl segreto di Luca / _cIgnazio Silone. |
| 250 | _a2. ed | ||
| 260 |
_a[Milano! : _bA. Mondadori, _c1969 |
||
| 300 |
_a260 p. ; _c19 cm. |
||
| 752 |
_ait _dMilano |
||
| 830 | 0 |
_aOscar ; _v91 _0IT\ICCU\CFI\0000102 |
|
| 942 |
_2ddc _cBK |
||
| 981 | 1 |
_6z01 _ai _bxxxe |
|
| 982 | 1 |
_6z01 _an |
|
| 999 |
_c28877 _d28877 |
||